Statystyki dla Wszyscy polscy prezydenci (Dla Ignacego)

Kliknij tutaj aby rozwiązać quiz!

Ogólne statystyki

  • Ten quiz został rozwiązany 1 442 razy
  • Średni wynik to 8 z 10

Statystyki odpowiedzi

LataPrezydent% Poprawnych
2015-...Andrzej Duda
99%
2010-2015Bronisław Komorowski
95%
2005-2010Lech Kaczyński
94%
1990-1995Lech Wałęsa
94%
1995-2005Aleksander Kwaśniewski
91%
1985-1990Wojciech Jaruzelski
83%
1922-1922Gabriel Narutowicz
72%
1926-1939Ignacy Mościcki
62%
1944-1952Bolesław Bierut
56%
1922-1926Stanisław Wojciechowski
46%

Rozkład punktacji

Percentyl według liczby udzielonych odpowiedzi

Procent ludzi z każdym wynikiem

Twoja historia wyników

Nie rozwiązałeś tego quizu